Statistics for Top 50 Richest Countries In The World

Click here to take the quiz!

General Stats

  • This quiz has been taken 49 times
  • The average score is 41 of 50

Answer Stats

$Country% Correct
$52,050Canada
100%
$69,290United States
100%
$47,220France
98%
$175,680Liechtenstein
98%
$42,070United Kingdom
98%
$127,630Luxembourg
95%
$66,400Australia
93%
$50,820Finland
93%
$169,050Monaco
93%
$47,270New Zealand
93%
$92,660Norway
93%
$56,790Sweden
93%
$52,010Austria
90%
$102,220Ireland
90%
$39,900Japan
90%
$24,250Portugal
90%
$27,940Saudi Arabia
90%
$29,080Spain
90%
$67,810Denmark
88%
$48,400Germany
88%
$33,740Italy
88%
$82,890Qatar
88%
$34,750South Korea
88%
$93,450Switzerland
88%
$73,990Iceland
85%
$47,500San Marino
85%
$79,410Singapore
83%
$47,790United Arab Emirates
83%
$28,090Czech Republic
80%
$47,230Israel
80%
$58,060Netherlands
80%
$42,330Andorra
78%
$50,590Belgium
78%
$23,540Oman
78%
$35,510Taiwan
78%
$28,690Bahrain
76%
$29,330Estonia
76%
$38,120Kuwait
76%
$21,840Latvia
73%
$24,940Lithuania
73%
$20,560Chile
71%
$20,270Greece
71%
$32,340Malta
71%
$42,930Brunei
68%
$29,540Slovenia
68%
$29,470Cyprus
59%
$22,230Uruguay
56%
$32,920Bahamas
44%
$21,210Barbados
34%
$20,750Trinidad and Tobago
34%

Score Distribution

Percentile by Number Answered

Percent of People with Each Score

Your Score History

You have not taken this quiz